La vie d'un grand organisateur : le reverend Frere Louis-Marie, second superieur general des Freres Maristes /

Guardado en:
Bibliografiske detaljer
Hovedforfatter: Ignace (autor)
Format: Bog
Sprog:fransk
Fag:
Tags: Tilføj Tag
Ingen Tags, Vær først til at tagge denne postø!

MARC

LEADER 00000nam^a2200000^a^4500
001 000389703
005 20250623000000.0
009 20260310121127.643
037 |a Acervo ITESO - Biblioteca 
041 |a FRA 
082 |a 255. 7920092  |b IGN 
100 |a Ignace  |e (autor) 
245 1 3 |a La vie d'un grand organisateur :  |b le reverend Frere Louis-Marie, second superieur general des Freres Maristes /  |c Ignace. 
264 |a Genval, Bélgica :  |b Marie-Mediatrice,  |c 1955 
300 |a 135 p. 
336 |a texto  |b txt  |2 rdacontenido 
337 |a sin mediación  |b n  |2 rdamedio 
338 |a volumen  |b nc  |2 rdasoporte 
649 |a XX 
650 |a Educadores Franceses -  |x Biografías 
650 |a Maristas -  |x Biografías 
650 |a Ministros Religiosos Franceses -  |x Biografías 
650 |a Monasticismo y Ordenes Religiosas -  |z Francia -  |x Historia 
650 |a Iglesia y Educación -  |z Francia -  |x Historia 
650 |a Iglesia Católica en Francia -  |x Historia 
650 |a Catolicismo -  |z Francia -  |x Historia 
650 |a Cristianismo -  |z Francia -  |x Historia 
650 |a Religión -  |z Francia -  |x Historia 
650 |a Francia -  |x Historia -  |y Siglo XIX 
650 |a Labrosse, Louis-Marie Alexis -  |x Tema Principal 
910 |a Fondo General 
920 |a Impresos - Libros 
930 |a Colección General 
905 |a 101 
901 |a 0500284324  |b IT1  |c ACC  |d DT  |i D82802  |u 20250623 
902 |a https://opac.biblio.iteso.mx/vufind/Record/000389703